European Cities North to South - Statistics

General Stats
  • This quiz has been taken 40 times
  • The average score is 26 of 45
Answer Stats
Latitude Answer % Correct
60.18 Helsinki
100%
64.14 Reykjavik
100%
59.94 Oslo
97%
59.34 Stockholm
94%
59.43 Tallinn
94%
55.63 Copenhagen
90%
55.76 Moscow
90%
56.95 Riga
87%
52.52 Berlin
84%
53.31 Dublin
84%
53.89 Minsk
84%
54.71 vilnius
84%
52.36 Amsterdam
81%
51.49 London
81%
52.22 Warsaw
81%
50.86 Brussels
77%
48.82 Paris
74%
47.49 Budapest
68%
50.44 Kiev
68%
49.60 Luxembourg
68%
50.10 Prague
68%
47.14 Vaduz
68%
48.17 Vienna
68%
46.99 Bern
65%
48.14 Bratislava
65%
46.94 Chisinau
58%
35.89 Valletta
45%
37.97 Athens
42%
40.38 Madrid
39%
41.88 Rome
39%
43.94 San Marino
39%
45.81 Zagreb
39%
44.40 Bucharest
35%
38.69 Lisbon
35%
43.55 Monaco
35%
44.76 Belgrade
32%
43.84 Sarajevo
32%
42.70 Sofia
32%
41.90 Vatican
32%
41.32 Tirana
26%
42.44 Podgorica
23%
42.49 Andorra
16%
46.05 Ljubliana
6%
42.00 Skjope
6%
42.65 Prishtina
3%
No matching quizzes found
Score Distribution
Percent of People with Each Score
Percentile by Number Answered
Your Score History
You have not taken this quiz